Twenty thousand leagues under the sea (Record no. 9094)

MARC details
000 -LEADER
fixed length control field 01046nam a22002177a 4500
003 - CONTROL NUMBER IDENTIFIER
control field OSt
005 - DATE AND TIME OF LATEST TRANSACTION
control field 20260313023325.0
008 - FIXED-LENGTH DATA ELEMENTS--GENERAL INFORMATION
fixed length control field 260313b |||||||| |||| 00| 0 eng d
020 ## - INTERNATIONAL STANDARD BOOK NUMBER
International Standard Book Number 978-1-904910-99-2
040 ## - CATALOGING SOURCE
Original cataloging agency DWCL GS lib
Transcribing agency OC
082 ## - DEWEY DECIMAL CLASSIFICATION NUMBER
Classification number V531t 2009
100 ## - MAIN ENTRY--PERSONAL NAME
Personal name VERNE, JULES
245 ## - TITLE STATEMENT
Title Twenty thousand leagues under the sea
Statement of responsibility, etc. JULES VERNE
260 ## - PUBLICATION, DISTRIBUTION, ETC.
Place of publication, distribution, etc. New Delhi
Name of publisher, distributor, etc. New Dawn Press Group
Date of publication, distribution, etc. 2009
300 ## - PHYSICAL DESCRIPTION
Extent 224 p
Dimensions 14 cm
520 ## - SUMMARY, ETC.
Summary, etc. Professor Aronnax, his servant Conseil, and harpooner Ned Land are captured by the mysterious Captain Nemo, who navigates the globe in the advanced submarine Nautilus. They explore the ocean's wonders but are held captive, eventually escaping during a dangerous whirlpool.
650 ## - SUBJECT ADDED ENTRY--TOPICAL TERM
Topical term or geographic name entry element a forced, year-long underwater journey aboard the Nautilus submarine, led by the vengeful yet brilliant Captain Nemo.
650 ## - SUBJECT ADDED ENTRY--TOPICAL TERM
Topical term or geographic name entry element unchecked vengeance and isolation, even when born from legitimate suffering, lead to self-destruction and moral corruption.
700 ## - ADDED ENTRY--PERSONAL NAME
Personal name JULES VERNE
942 ## - ADDED ENTRY ELEMENTS (KOHA)
Source of classification or shelving scheme Dewey Decimal Classification
Koha item type Fiction
Suppress in OPAC No

No items available.